[Event "EU Union-ch U10 20th"]
[Site "Mureck"]
[Date "2023.08.06"]
[Round "6"]
[White "Langeder, Pia"]
[Black "Bachmann, Nils"]
[Result "0-1"]
[WhiteElo "1213"]
[BlackElo "1244"]
[PlyCount "126"]
[EventDate "2023.08.02"]
[EventType "swiss"]
[EventRounds "9"]
[EventCountry "AUT"]
[SourceTitle "EXT 2024"]
[Source "ChessBase"]
[SourceDate "2023.10.10"]
[SourceVersion "1"]
[SourceVersionDate "2023.10.10"]
[SourceQuality "1"]

1. d4 d5 2. Nf3 Nf6 3. e3 c5 4. c4 a6 5. Be2 dxc4 6. Bxc4 b5 7. Be2 cxd4 8. Nxd4 Bb7 9. 0-0 e6 10. Nf3 Qxd1 11. Rxd1 Bc5 12. b3 0-0 13. Nc3 Nbd7 14. Bb2 Rac8 15. Rac1 Rc7 16. h3 Rfc8 17. a4 b4 18. Na2 a5 19. Ne5 Nb6 20. Nd3 Be7 21. Rxc7 Rxc7 22. Rc1 Rxc1+ 23. Naxc1 Bd5 24. Nf4 Be4 25. Bd4 Nfd5 26. Bd3 Bxd3 27. Ncxd3 Nxf4 28. Nxf4 Nd7 29. Nd3 f6 30. Kf1 e5 31. Bb2 Kf7 32. e4 Nf8 33. Bc1 Ne6 34. Be3 Bd8 35. f3 Ke7 36. Bc5+ Kd7 37. Be3 Kc6 38. Ke2 Bb6 39. Bxb6 Kxb6 40. Ke3 Nd4 41. Nc1 Kc5 42. Nd3+ Kd6 43. Nc1 g5 44. g4 h6 45. Kf2 Ke6 46. Ke3 Kd6 47. Kf2 Kc6 48. Ke3 Ne6 49. Ne2 Kd6 50. Kd3 Nf8 51. Ng3 Kc6 52. Nf5 Ne6 53. Nxh6 Nd4 54. Ng8 Nxb3 55. Nxf6 Nc5+ 56. Kc2 Nxa4 57. Nh7 Kb5 58. Nxg5 Kc4 59. h4 b3+ 60. Kb1 Kc3 61. h5 b2 62. h6 Kb3 63. Nh7 Nc3# 0-1

[Event "AUT-ch U14 Girls"]
[Site "St Veit"]
[Date "2023.06.08"]
[Round "2"]
[White "Borgoiakova, Ailana"]
[Black "Langeder, Pia"]
[Result "1-0"]
[WhiteElo "1045"]
[BlackElo "1029"]
[PlyCount "69"]
[EventDate "2023.06.08"]
[EventType "swiss"]
[EventRounds "7"]
[EventCountry "AUT"]
[SourceTitle "EXT 2024"]
[Source "ChessBase"]
[SourceDate "2023.10.10"]
[SourceVersion "1"]
[SourceVersionDate "2023.10.10"]
[SourceQuality "1"]

1. e4 c5 2. Nf3 d6 3. d4 cxd4 4. Nxd4 Nf6 5. Nc3 a6 6. b3 e6 7. Bb2 Be7 8. Bd3 0-0 9. Qf3 Bd7 10. 0-0-0 Nc6 11. Nce2 b5 12. h4 Qb6 13. h5 h6 14. Rhg1 b4 15. g4 Ne5 16. Qf4 Nxd3+ 17. Rxd3 e5 18. Qe3 exd4 19. Nxd4 Nxg4 20. Qg3 Bg5+ 21. Kb1 Bf6 22. Nf5 Qxf2 23. Qxg4 Bxf5 24. exf5 Bg5 25. Rf3 Qd2 26. Rd3 Qf2 27. Bc1 Bf6 28. Rxd6 Be5 29. Bb2 Qc5 30. f6 Bxf6 31. Bxf6 Qxg1+ 32. Qxg1 g6 33. hxg6 Rfe8 34. gxf7+ Kxf7 35. Qg7# 1-0

[Event "AUT-ch U10 Girls"]
[Site "St Veit"]
[Date "2023.05.27"]
[Round "2"]
[White "Langeder, Pia"]
[Black "Kotenko Gonzalez, Marina"]
[Result "1-0"]
[WhiteElo "1029"]
[BlackElo "895"]
[PlyCount "87"]
[EventDate "2023.05.27"]
[EventType "swiss"]
[EventRounds "7"]
[EventCountry "AUT"]
[SourceTitle "CBM 214 Extra"]
[Source "ChessBase"]
[SourceDate "2023.07.31"]
[SourceVersion "1"]
[SourceVersionDate "2023.07.31"]
[SourceQuality "1"]

1. d4 d5 2. Nf3 Nf6 3. e3 Bg4 4. Be2 e6 5. 0-0 Bd6 6. Bd2 0-0 7. Re1 Nbd7 8. Ng5 Bxe2 9. Qxe2 h6 10. Nf3 c6 11. c4 Qc7 12. c5 Be7 13. h3 b6 14. b4 bxc5 15. bxc5 Rab8 16. Nc3 Qc8 17. Rab1 Qc7 18. e4 Rxb1 19. Rxb1 Rb8 20. Rxb8+ Qxb8 21. e5 Ne8 22. Qd3 Bd8 23. Ne2 Nc7 24. a4 Qb2 25. Qc3 Qb1+ 26. Qc1 Qg6 27. Ba5 Kf8 28. Qb2 Ke8 29. Qb7 Qd3 30. Bxc7 Bxc7 31. Qxc7 Qxe2 32. Qxc6 Qb2 33. Qb5 Qc1+ 34. Kh2 Qf4+ 35. Kh1 Qc1+ 36. Ng1 Qd2 37. c6 Kd8 38. cxd7 Qc1 39. Qb8+ Kxd7 40. Qxa7+ Ke8 41. Qb8+ Kd7 42. a5 Qc4 43. Qb7+ Ke8 44. a6 1-0